PERGUNTAS DE GEOGRAFIA. - Statistics

Estatísticas Gerais
  • Esse quiz foi jogado 2 382 vezes
  • A pontuação média é 10 de 15
Estatísticas das Respostas
Questão Resposta % Correto
QUAL DESSES É O MAIOR PAÍS DO MUNDO? RÚSSIA
97%
EM QUAL CONTINENTE FICA AUSTRÁLIA? OCEANIA
96%
O BRASIL NÃO FAZ FRONTEIRA COM QUAL DESSES PAÍSES? CHILE
91%
PORTUGAL FAZ FRONTEIRA COM QUANTOS PAÍSES? 1 PAÍS- ESPANHA
84%
QUANL DESSES PAISES NÃO FAZ PARTE DA OCEANIA? TAILÂNDIA
84%
QUAL DESSES PAÍSES NÃO FAZEM PARTE DA EUROPA? TURQUIA
84%
A POLONIA FAZ FRONTEIRA COM QUAL DESSES PAÍSES? REPUBLICA TCHECA
82%
QUAL DESSES PAÍSES NÃO É DA AMÉRICA CENTRAL? EQUADOR
81%
QUANTOS PAÍSES HÁ NO MUNDO? 193
72%
QUAL É A CAPITAL DO PAÍS BARÉM? MANAMA
57%
OCEANIA CONTÉM QUANTOS PAÍSES? 14
44%
CAIENA É CAPITAL DE QUAL PAÍS? GUIANA FRANCESA
42%
QUAL DESSES PAÍSES É MAIOR EM EXTENSÃO TERRITORIAL? ARGÉLIA
36%
QUAL DESSES PAÍSES TEM MENOS HABITANTES? RÚSSIA
29%
QUAL DESSES PAÍSES TEM MAIS HABITANTES? CHIPRE
28%
Nenhum quiz correspondente encontrado
Distribuição das Pontuações
Porcentagem de Pessoas com Cada Pontuação
Percentil de Números Respondidos
Sua Pontuação Histórica
Você não jogou esse quiz